Beste voetballers per land - Statistieken

Algemene statistieken
  • Deze quiz is 180 keer genomen
    15 sinds de laatste reset
  • De gemiddelde score is 30 van 123
Antwoordstatistieken
Land Spelers % Correct
Nederland Virgil van Dijk
93%
België Kevin de Bruyne
79%
Harry Kane
71%
Frankrijk Kylian Mbappe
71%
Romelu Lukaku
71%
Noorwegen Erling Haaland
57%
Frenkie De Jong
57%
Duitsland Jamal Musiala
57%
Engeland Jude Bellingham
57%
Lionel Messi
57%
Alexander Isak
50%
Florian Wirtz
50%
Jeremy Doku
50%
Spanje Lamine Yamal
50%
Pedri
50%
Polen Robert Lewandowski
50%
Declan Rice
43%
Gianluigi Donnarumma
43%
Oekraine Oleksandr Zinchenko
43%
Tsjechie Patrick Schick
43%
Ryan Gravenberch
43%
Zweden Viktor Gyokeres
43%
Portugal Vitinha
43%
Alessandro Bastoni
36%
Andrew Robertson
36%
Brahim Diaz
36%
Bruno Fernandes
36%
Verenigde Staten Christian Pulisic
36%
Hongarije Dominik Szoboszlai
36%
Zuid-Korea Heung-Min Son
36%
Joao Neves
36%
Joshua Kimmich
36%
Josko Gvardiol
36%
Kim Min-Jae
36%
Argentinie Lautaro Martinez
36%
Colombia Luis Diaz
36%
Kroatië Luka Modric
36%
Michael Olise
36%
Egypte Mohamed Salah
36%
Italië Nicolo Barella
36%
Ousmane Dembele
36%
Rodri
36%
Schotland Scott McTominay
36%
Vinicius Junior
36%
Marokko Achraf Hakimi
29%
Arda Guler
29%
Christian Eriksen
29%
Christos Tzolis
29%
Gabriel
29%
Zwitserland Granit Xhaka
29%
Jonathan David
29%
Kalidou Koulibaly
29%
Kenan Yildiz
29%
Martin Odegaard
29%
Algerije Riyad Mahrez
29%
Senegal Sadio Mane
29%
Nigeria Victor Osimhen
29%
Alexis Mac Allister
21%
Canada Alphonso Davies
21%
Oostenrijk David Alaba
21%
Uruguay Federico Valverde
21%
John McGinn
21%
Ronald Araujo
21%
Takefusa Kubo
21%
Weston McKennie
21%
William Pacho
21%
Willi Orban
21%
Kameroen Andre Onana
14%
Andriy Lunin
14%
Antonio Nusa
14%
Servië Dusan Vlahovic
14%
Mexico Edson Alvarez
14%
Giorgi Mamardashvili
14%
Turkije Hakan Calhanoglu
14%
Japan Kaoru Mitoma
14%
Georgie Khvicha Kvaratshkelia
14%
Konrad Laimer
14%
Milos Kerkez
14%
Ecuador Moises Caicedo
14%
Omar Marmoush
14%
Piotr Zielinski
14%
Brazilie Raphinha
14%
Denemarken Rasmus Hojlund
14%
Santiago Gimenez
14%
Tajon Buchanan
14%
Wataru Endo
14%
Wojciech Szczesny
14%
Yann Sommer
14%
Yassine Bounou
14%
Ademola Lookman
7%
Aleksandar Mitrovic
7%
Ivoorkust Amad Diallo
7%
Darwin Nunez
7%
David Hancko
7%
Dejan Kulusevski
7%
Dusan Tadic
7%
Georges Mikautadze
7%
Jhon Duran
7%
Kasper Schmeichel
7%
Malik Tillman
7%
Piero Hincapie
7%
Slowakije Stanislav Lobotka
7%
Griekenland Vangelis Pavlidis
7%
Alex Iwobi
0%
Andre-Frank Zambo-Anguissa
0%
Artem Dovbyk
0%
Bryan Mbeumo
0%
Daniel Munoz
0%
Emam Ashour
0%
Franck Kessie
0%
Gregor Kobel
0%
Iliman Ndiaye
0%
Ismael Bennacer
0%
Kostas Tsimikas
0%
Lee Kang-In
0%
Marcel Sabitzer
0%
Mateo Kovacic
0%
Milan Skriniar
0%
Raul Jimenez
0%
Rayan Ait-Nouri
0%
Tomas Soucek
0%
Vladimir Coufal
0%
Yan Diomande
0%
Geen overeenkomende quizzen gevonden
Scoreverdeling
Procent van Mensen met Elke Score
Percentiel versus Aantal Correcte Antwoorden
Uw Scoregeschiedenis
U heeft deze quiz nog niet genomen sinds de laatste reset